000 00920nam a2200289 a 4500
999 _c2918
_d2918
006 a||||gr|||| 001 0
007 ta
008 191211t2021 xxka|||gr|||| 001 0 eng d
020 _a9780749498603
_c£ 51.99
040 _aKO
_beng
041 0 _aeng
044 _axxk
082 0 4 _a658.70285
_bT4991
_223
100 1 _aTipi, Nicoleta
245 1 0 _aSupply Chain Analytics and Modelling :
_bquantitative tools and applications /
_cNicoleta Tipi
260 _aLondon :
_bKogan page,
_c2021
300 _axvii, 303 p :
_bill. ;
_c24 cm.
504 _aIncludes bibliographical references and index
650 0 _aBusiness logistics
_xMathematical models
_vTextbooks
650 0 _aBusiness logistics
_xData processing
_vTextbooks
650 0 _aDecision making
_xMathematical models
_vTextbooks
650 0 _aBusiness
_xComputer programs
_vTextbooks
904 _aRUDRA_R
905 _aR_RANJAN
942 _cBK